30 größte Agglomerationen, die mit R beginnen - Statistiken

Allgemein
  • Dieses Quiz wurde 31 mal gespielt
  • Das Durchschnittsergebnis liegt bei 10 aus 30
Antwortstatistiken
Einwohner Agglomeration Staat % Korrekt
2.100 Rabat Marokko
100%
7.500 Riad Saudi-Arabien
100%
650 Riga Lettland
96%
12.000 Rio de Janeiro Brasilien
96%
3.000 Rom Italien
96%
2.900 Rotterdam Niederlande
96%
5.200 Ruhrgebiet Deutschland
83%
6.500 Rangun / Yangoon Myanmar
50%
1.500 Raleigh USA
38%
1.450 Rosario Argentinien
38%
1.100 Richmond USA
33%
3.900 Recife Brasilien
29%
4.500 Rawalpindi Pakistan
25%
1.200 Rostov Russland
25%
1.700 Rajkot Indien
17%
700 Rochester USA
13%
1.500 Raipur Indien
8%
1.600 Ranchi Indien
8%
500 Rayong Thailand
8%
750 Rizhao China
8%
550 Rjasan Russland
8%
750 Reynosa Mexiko
4%
550 Rajahmundry Indien
0%
650 Rajshahi Bangladesch
0%
550 Raoping China
0%
500 Ras al Chaima VAE
0%
700 Rasht Iran
0%
600 Renqiu China
0%
700 Ribeirão Preto Brasilien
0%
600 Rourkela Indien
0%
Keine übereinstimmenden Quizze gefunden
Verteilung der Resultate
Anzahl Personen mit jedem Resultat
Perzentil nach korrekt beantworteten Fragen
Ihre Resultats-Entwicklung
Sie haben dieses Quiz noch nicht gespielt